=LDR 00000nam 2200000 4500 =001 INLIS000000000045916 =005 20150212074734.0 =006 =007 =008 =020 ##$$a 602-8884-87-1 =035 ##$$0010-021500000000476 =040 ##$$a NBPDMAT =082 ##$$a 796.48 =090 ##$$a 796.48 $b Fir s =100 ##$$a Firmanawaty Sutan =245 ##$$a Sukses Jadi Juara Olimpiade Sains $b Kisah Sukses 14 Siswa Indonesia Merebut Medali Olimpiade Sains Yang Memotivasi Siswa Lain $c Firmanawaty Sutan; Editor, Pandy R. Paimin. =260 ##$$a Jakarta $b Be Champion $c 2013 =300 ##$$a 132 hlm. : ilus. ; 22 cm. =500 ##$$a Bibliografi : hlm. 111 =650 ##$$a Olimpiade Sains =700 ##$$a Pandy R. Paimin =850 ##$$a NBPDMAT =990 ##$$a 0001/BPAP-NTB/20142015 =990 ##$$a 0001/BPAP-NTB/20142015 =990 ##$$a 0001/BPAP-NTB/20142015 =990 ##$$a 0001/BPAP-NTB/20142015 =990 ##$$a 0001/BPAP-NTB/20142015